Documentos relativos a la enagenación [sic] del Camino de Hierro de la Habana a Güines. (Record no. 168413)

MARC details
000 -LEADER
campo de control de longitud fija 00849nam a2200217 i 4500
001 - NÚMERO DE CONTROL
campo de control 168413
003 - IDENTIFICADOR DE NÚMERO DE CONTROL
campo de control ES-MaACL
005 - FECHA Y HORA DE LA ÚLTIMA TRANSACCIÓN
campo de control 20250901231811.0
008 - DATOS DE LONGITUD FIJA--INFORMACIÓN GENERAL
campo de control de longitud fija 080403s1839 cu |||| | spa d
080 ## - NÚMERO DE LA CLASIFICACIÓN DECIMAL UNIVERSAL
Número de la Clasificación Decimal Universal 656.2.07(729.1)
245 00 - MENCIÓN DEL TÍTULO
Título Documentos relativos a la enagenación [sic] del Camino de Hierro de la Habana a Güines.
260 ## - PUBLICACIÓN, DISTRIBUCIÓN, ETC.
Lugar de publicación, distribución, etc. Habana :
Nombre del editor, distribuidor, etc. [s.n.],
Fecha de publicación, distribución, etc. 1839 (
Lugar de fabricación/manufactura Imp. del Gobierno y Capitanía General por S.M.)
300 ## - DESCRIPCIÓN FÍSICA
Extensión 49 p. ;
Dimensiones 20 cm.
594 ## - Nota al título y mención de responsabilidad
Nota al título y mención de responsabilidad Precede al tít.: Real Junta de Fomento de Agricultura y Comercio.
610 24 - PUNTO DE ACCESO ADICIONAL DE MATERIA--NOMBRE DE ENTIDAD CORPORATIVA
Nombre de entidad corporativa o nombre de jurisdicción como elemento de entrada Camino de Hierro de la Habana a Güines.
9 (RLIN) 154954
651 #4 - PUNTO DE ACCESO ADICIONAL DE MATERIA--NOMBRE GEOGRÁFICO
Nombre geográfico Cuba-
Subdivisión general Ferrocarriles-
Subdivisión cronológica S.XIX.
9 (RLIN) 137559
710 2# - ENTRADA AGREGADA--NOMBRE DE ENTIDAD CORPORATIVA
Nombre de entidad corporativa o nombre de jurisdicción como elemento de entrada Real Junta de Fomento de Agricultura y Comercio (Cuba (Capitanía General))
9 (RLIN) 175650
852 4# - LOCALIZACIÓN
Ubicación ES-MaACL
Número de control de estantería T-12-F-23
852 4# - LOCALIZACIÓN
Ubicación ES-MaACL
Número de control de estantería T-133-F-4
Holdings
Estatus retirado Estado de pérdida Estado de daño No para préstamo Colección Biblioteca de origen Biblioteca actual Ubicación en estantería Fecha de adquisición Fuente de adquisición Total de préstamos Signatura topográfica completa Código de barras Visto por última vez Precio de reemplazo Tipo de ítem Koha
        Colección de folletos Biblioteca del Ateneo de Madrid Biblioteca del Ateneo de Madrid Depósito folletos 31/08/2017     T-133-F-4 1197968 23/02/2023 23/02/2023 Folleto
        Colección de folletos Biblioteca del Ateneo de Madrid Biblioteca del Ateneo de Madrid Depósito folletos 03/04/2008     T-12-F-23 1176709 23/02/2023 23/02/2023 Folleto